Simulation of Femto-photography Experiments
Guardado en:
| Autor principal: | |
|---|---|
| Otros Autores: | |
| Formato: | Manuscrito Libro |
| Lenguaje: | eslovaco inglés |
| Publicado: |
2019
|
| Materias: | |
| Acceso en línea: | http://is.stuba.sk/zp/portal_zp.pl?podrobnosti=145570 |
| Etiquetas: |
Sin Etiquetas, Sea el primero en etiquetar este registro!
|
MARC
| LEADER | 00000ntm a22000003a 4500 | ||
|---|---|---|---|
| 001 | stuzp75027 | ||
| 003 | SK-STU | ||
| 005 | 20200618110058.5 | ||
| 007 | ta | ||
| 008 | 150427s2015----xo-----f-mn---000-0-slo-d | ||
| 040 | |a STU |b slo | ||
| 041 | 0 | |a eng | |
| 044 | |a xo | ||
| 100 | 1 | |a Ševčík, Michal |u 070400 |k Z4 |4 aut |U FIIT Fakulta informatiky a informačných technológií |T FIIT Ústav počítačového inžinierstva a aplikovanej informatiky |X 74260 |U I400 |Y 672 |7 74260 | |
| 242 | 0 | 1 | |a Simulácia experimentov femto-fotografie |y slo |
| 245 | 1 | 0 | |a Simulation of Femto-photography Experiments |
| 260 | |c 2019 | ||
| 650 | 4 | |a počítačová grafika |2 slo | |
| 650 | 4 | |a femto-fotografia |2 slo | |
| 650 | 4 | |a simulácia |2 slo | |
| 650 | 4 | |a femto-photography |2 eng | |
| 650 | 4 | |a simulation |2 eng | |
| 650 | 4 | |a computer graphics |2 eng | |
| 700 | 1 | |a Drahoš, Peter |u 070300 |k Z1 |4 ths |U FIIT Fakulta informatiky a informačných technológií |T FIIT Ústav aplikovanej informatiky |X 10312 |U I300 |Y 180 |7 A00010312 | |
| 856 | 4 | |u http://is.stuba.sk/zp/portal_zp.pl?podrobnosti=145570 | |
| 996 | |c I*DP73/19 |l II680 |s P |a 0 |w stuzp75027_0001 | ||